000 01261cam a22002294a 4500
005 20250605163920.0
008 250528s ||||||||||||||||||||||||d
035 _a14378
020 _a275023001
040 _aGR-AtMCL
_bgre
_dGR-AtMCL
_eAACR2
245 1 _aPlanning for Economic Development / The Construction and Use of a Multisectoral Model for Tunisia
260 _bPraeger Publishers,
_c1976
300 _a210
520 _aPreface, Background, Introduction, Introduction to Tunisian Economy, Planning Procedures in Tunisia, The Multisectoral Planning Model, The Coice of a Model for Planning, Structure of the Multisectoral Model, Data and Estimation of the Model, Compilation of Data Base, Estimation of Coefficients, Initial Simulations and Calibration of the Model, Application to Planning, An Illustration of the Model's Use in Formulating the Fourth Plan, Some Experimantal Uses of PST, Conclusion, Mathematical Models and Planning, Evolution of Tunisian Economy - 1972-75, Evaluation of Fourth Plan Achievement to 1975, Appendix, Bibliography.
700 1 _aHamza Eddine-Mouheb
_915
700 1 _aHawrylyshyn Oli
_916
700 1 _aMartens Andre
_917
700 1 _aPindyck Robert S
_918
942 _cBK
999 _c13
_d13